000 00474nam a22001697a 4500
003 OSt
005 20211117111642.0
008 211117b |||||||| |||| 00| 0 eng d
020 _a0-8213-6262-3
040 _aDDC
_cHU
082 _21ST
_a616
_b1
100 _aLOPEZ ALAN D.
_918901
245 _aGLOBAL BURDEN OF DISEASE AND RISK FACTORS
250 _a1ST
260 _aNEW YORK
_bA COPUBLICATION OF THE WORLD BANK AND OXFORD UNIVERSITY PRESS
_c2006
942 _2ddc
_cBOOKS
_n0
999 _c18690
_d18690